000 00602nam a2200217Ia 4500
001 1869
003 GE_BSU
008 181216s||||||||xx |||||||||||||| ||und||
020 _a572050768Х
040 _cGE_BSU
080 _a432.55(075.8):352(075.8)
100 _aИгнатюк, Н.А;Павлюшкин,А.В;
245 _aМуниципальное право.Учебное пособие
260 _aМосква
260 _bЮстицин форм
260 _c2007
300 _a312 с. 20 см.
541 _h* л.
653 _aМуниципальное право
942 _cBK
999 _c35970
_d35970